000 00815nas a2200265 4500
001 BR0901672
003 BR-BrBNA
005 20231205112622.0
007 ta
008 230509b bl.|||p| |||| 00| 00por d
040 _aBR-BrBNA
_bpor
_cBiblioteca Nacional de Agricultura
041 _a(Pt)
072 _aQ04
100 1 _aFreitas, J.B. de
100 1 _aCandido, T.L.N.
100 1 _aSilva, M.R.
245 1 _aGeleia de gabiroba: avaliação da aceitabilidade e caracteristicas fisicas e quimicas
650 _aGELEIA
650 _aGUABIROBA
650 _aANALISE ORGANOLEPTICA
650 _aCOMPOSIÇÃO QUIMICA
773 0 _tPesquisa Agropecuaria Tropical (Brazil)
_xISSN 1517-6398
_g(Apr-Jun 2008), v. 38(2) p. 87-94
_wBR0901672
909 _a202311
_bLúcia
_c55
_dLúcia Elande
942 _2AGRIS
_n0
_cANA
999 _c198994
_d198994